000
00307nam a22001337a 4500
008
170619b xxu||||| |||| 00| 0 eng d
020
_a
9780875814100
041
_a
eng
080
_2
3RD
_a
32
100
_a
20
101
_a
SHP
245
_a
AMERICAN FOREIGN POLICY & PROCESS
_c
CORMICK,MC
942
_2
udc
_c
BK
999
_c
17989
_d
17989